000 02744cam a22005417a 4500
003 CHAP
005 20220329141840.0
008 980201d1997 mx b rs o00010 spa d
010 _a74755
011 _a75727
020 _a970-13-1566-9
020 _a970-13-1567-7
020 _a970-13-1568-5
020 _a970-13-1570-7
020 _a9701315693
035 _a85296
040 _cCHAP
082 0 4 _a338.972
_bI59 1996 Ver.
110 2 _aInstituto Nacional de Estadística, Geografía e Informática. México
_959304
245 1 0 _aCuaderno estadístico municipal :
_bVeracruz
_c/por Instituto Nacional de Estadística, Geografía e Informática
260 0 _aAguascalientes, Ags. :
_bInstituto Nacional de Estadística, Geografía e Informática,
_c1997-19
300 _av. :
_bmapas ; gráfs.
500 _aLa biblioteca tiene : v.1 Boca del Río -- v.2 Camerino Z. Mendoza -- v.3 Tantoyuca -- v.4 Tierra Blanca -- v.5 Xalapa-- v.6 Veracruz
590 _aBATCH-UPD
_b10
_c20130110
_lUCH01
_h1825
590 _aBATCH-UPD
_b10
_c20130410
_lUCH01
_h1158
590 _aBATCH-UPD
_b10
_c20130914
_lUCH01
_h1501
590 _aCONVERSION
_b10
_c20130109
_lUCH01
_h1341
650 1 4 _aAgricultura
_xEstadisticas
_zVeracruz.
_91471
650 1 4 _aGanadería
_xEstadísticas
_zVeracruz.
_944730
650 1 4 _aVeracruz
_xCondiciones económicas.
_9118807
650 1 4 _aVeracruz
_xCondiciones sociales.
_9118809
650 1 4 _aVeracruz
_xEstadísticas.
_9118812
901 _aBK
905 _aLilia Sánchez G.
942 _cLIBRO
949 _a338.972 I59 1996 Ver.
_bBC
_cINEGI
_d33724000690384
_eINEGI
_fv.1
_h92817
_i85296
_sb
949 _a338.972 I59 1996 Ver.
_bBC
_cINEGI
_d33724000690392
_eINEGI
_fv.2
_h92818
_i85296
_sb
949 _a338.972 I59 1996 Ver.
_bBC
_cINEGI
_d33724000690400
_eINEGI
_fv.3
_h92819
_i85296
_sb
949 _a338.972 I59 1996 Ver.
_bBC
_cINEGI
_d33724000690418
_eINEGI
_fv.4
_h92820
_i85296
_sb
949 _a338.972 I59 1996 Ver.
_bBC
_cINEGI
_d33724000690426
_eINEGI
_fv.5
_h92821
_i85296
_sb
949 _a338.972 I59 1996 Ver.
_bBC
_cINEGI
_d33724000702106
_eINEGI
_fv.6
_h94079
_i85296
_sb
949 _a338.972 I59 1996 Ver.
_bBC
_cINEGI
_d33724000840500
_eINEGI
_fv.2 c.2
_gDonaciØn
_h100761
_i85296
_sb
949 _a338.972 I59 1996 Ver.
_bBC
_cINEGI
_d33724000840567
_eINEGI
_fv.3 c.2
_gDonaciØn
_h100762
_i85296
_sb
949 _a338.972 I59 1996 Ver.
_bBC
_cINEGI
_d33724000840740
_eINEGI
_fv.1 c.2
_gDonaciØn
_h100760
_i85296
_sb
949 _a338.972 I59 1996 Ver.
_bBC
_cINEGI
_d33724000840807
_eINEGI
_fv.6 c.2
_gDonaciØn
_h100764
_i85296
_sb
949 _a338.972 I59 1996 Ver.
_bBC
_cINEGI
_d33724000840864
_eINEGI
_fv.4 c.2
_gDonaciØn
_h100763
_i85296
_sb
949 _a338.972 I59 1996 Ver.
_bBC
_cINEGI
_d33724000840922
_eINEGI
_fv.5 c.2
_gDonaciØn
_h100765
_i85296
_sb
999 _c74755
_d74755